[Event "Kamen- Hemer"]
[Site "?"]
[Date "2024.02.04"]
[Round "5.4"]
[White "Himmel, Hansjoerg"]
[Black "Xue, Luka"]
[Result "1/2-1/2"]
[WhiteElo "2217"]
[BlackElo "2155"]
[PlyCount "68"]
[EventDate "2024.??.??"]
[SourceVersionDate "2023.09.25"]

1. e4 e5 2. Nf3 Nc6 3. Bb5 a6 4. Bxc6 dxc6 5. O-O Bg4 6. h3 Bh5 7. g4 Bg6 8. Nxe5 Ne7 9. d3 h5 10. Qf3 hxg4 11. hxg4 Qd4 12. Nc4 O-O-O 13. Nc3 b5 14. Ne3 Kb8 15. a4 b4 16. Ne2 Qd7 17. Qg2 f6 18. Bd2 c5 19. Nf5 Bf7 20. Bf4 g6 21. Nxe7 Bxe7 22. f3 b3 23. Rac1 g5 24. Bg3 bxc2 25. Rxc2 Qxd3 26. Rc3 Qd7 27. b4 c4 28. Qf2 Bd6 29. b5 axb5 30. Rb1 b4 31. Rxb4+ Bxb4 32. Qb6+ Kc8 33. Qa6+ Kb8 34. Qb6+ Kc8 1/2-1/2

[Event "Kamen- Hemer"]
[Site "?"]
[Date "2024.02.04"]
[Round "5.5"]
[White "Jagodzinsky, Andreas"]
[Black "Seepe, Udo"]
[Result "1-0"]
[WhiteElo "2168"]
[BlackElo "2099"]
[PlyCount "75"]
[EventDate "2024.??.??"]
[SourceVersionDate "2023.09.25"]

1. d4 d5 2. Nf3 Nf6 3. Bf4 a6 4. e3 Bf5 5. Nbd2 e6 6. Ne5 h6 7. Be2 c5 8. c3 Be7 9. g4 Bh7 10. h4 Nfd7 11. g5 Nxe5 12. Bxe5 f6 13. Bh5+ Kd7 14. Bxb8 Qxb8 15. g6 Bg8 16. Qg4 Kc6 17. e4 cxd4 18. cxd4 e5 19. Rh3 dxe4 20. Qxe4+ Kb6 21. d5 Ka7 22. O-O-O Qd6 23. Nb3 f5 24. Qxf5 Bxd5 25. Rhd3 Rac8+ 26. Kb1 Qe6 27. Bg4 Bxb3 28. Rxb3 Qxf5+ 29. Bxf5 Rhd8 30. Bxc8 Rxd1+ 31. Kc2 Rd8 32. Rxb7+ Ka8 33. Rxe7 Rxc8+ 34. Kd3 Rd8+ 35. Ke3 Rd4 36. Rxg7 Rxh4 37. Re7 Rg4 38. g7 1-0

[Event "Kamen- Hemer"]
[Site "?"]
[Date "2024.02.04"]
[Round "5.6"]
[White "Georg, Felix"]
[Black "Hofmann, Benjamin"]
[Result "1/2-1/2"]
[WhiteElo "2034"]
[BlackElo "1887"]
[PlyCount "97"]
[EventDate "2024.??.??"]
[SourceVersionDate "2023.09.25"]

1. c4 e5 2. Nc3 Nc6 3. g3 g6 4. Bg2 Bg7 5. Rb1 a5 6. a3 Nge7 7. b4 axb4 8. axb4 d6 9. Nf3 O-O 10. O-O h6 11. d3 f5 12. e4 f4 13. b5 Nb8 14. d4 Nd7 15. gxf4 exf4 16. Qb3 Kh8 17. h4 Ng8 18. Nd5 g5 19. hxg5 hxg5 20. b6 Nxb6 21. Nxb6 cxb6 22. Qxb6 Qe7 23. Qb5 Bh6 24. e5 g4 25. exd6 Qf6 26. Bb2 Qg7 27. Ne5 f3 28. d7 fxg2 29. Kxg2 Qh7 30. Qd5 Nf6 31. d8=Q Nxd5 32. Qxd5 Bf5 33. Rbe1 Rad8 34. Nf7+ Qxf7 35. Qxf7 Rxf7 36. Rh1 Rh7 37. d5+ Kg8 38. f3 Bd3 39. Rh4 gxf3+ 40. Kxf3 Rf8+ 41. Kg3 Bg7 42. Rxh7 Bxh7 43. Ba3 Ra8 44. Bd6 Bd3 45. c5 Bc4 46. c6 Bxd5 47. cxb7 Bxb7 48. Rb1 Rd8 49. Rxb7 1/2-1/2

[Event "Sodingen  - Paderborn "]
[Site "Herne"]
[Date "2024.02.25"]
[Round "6.1"]
[White "Moeller, Maurin"]
[Black "Werrn, Pascal"]
[Result "1-0"]
[WhiteElo "2244"]
[BlackElo "2127"]
[PlyCount "63"]
[EventDate "2024.??.??"]
[SourceVersionDate "2023.09.25"]

1. e4 c5 2. Nf3 Nc6 3. c3 Nf6 4. e5 Nd5 5. Bc4 Nb6 6. Bb3 d5 7. exd6 Qxd6 8. O-O Be6 9. Bxe6 Qxe6 10. a4 Qd7 11. a5 Nd5 12. a6 b6 13. d4 cxd4 14. Nxd4 e6 15. Qa4 Nxd4 16. Qxd4 Bc5 17. Qxg7 O-O-O 18. c4 Nb4 19. Nc3 Bd4 20. Qg3 Nd3 21. Qf3 Kb8 22. Rd1 Ne5 23. Qe4 f5 24. Qf4 Rhg8 25. Nb5 Qc6 26. g3 Ka8 27. Nxd4 Nf3+ 28. Nxf3 Rxd1+ 29. Kg2 Rg4 30. Qe5 Rxc4 31. b3 Rcxc1 32. Qh8+ 1-0

[Event "Sodingen - Paderborn "]
[Site "Herne"]
[Date "2024.02.25"]
[Round "6.2"]
[White "Waldschmidt, Georg"]
[Black "Kesselmeier, Kevin"]
[Result "0-1"]
[WhiteElo "2128"]
[BlackElo "2026"]
[PlyCount "74"]
[EventDate "2024.??.??"]
[SourceVersionDate "2023.09.25"]

1. e4 c5 2. Nf3 d6 3. Bb5+ Nd7 4. O-O a6 5. Bd3 Ngf6 6. Re1 Ne5 7. Nxe5 dxe5 8. a4 Be6 9. h3 Rc8 10. Na3 c4 11. Bf1 g6 12. d3 Bg7 13. Bd2 cxd3 14. Bxd3 O-O 15. Bc3 Nh5 16. Bf1 Qc7 17. g3 Qc5 18. Qd3 f5 19. exf5 gxf5 20. Qe3 Qxe3 21. Rxe3 e4 22. Bxg7 Kxg7 23. Ree1 Rc5 24. c4 Re5 25. f4 Rc5 26. Kf2 Nf6 27. b3 Rd8 28. Rad1 Rcc8 29. Nc2 Bf7 30. Nd4 e6 31. Be2 Re8 32. g4 Bg6 33. Nc2 Rcd8 34. Ne3 Kf7 35. Rxd8 Rxd8 36. Rd1 Rxd1 37. Nxd1 Nd7 {Zeit} 0-1

[Event "Sodingen - Paderborn"]
[Site "Herne"]
[Date "2024.02.25"]
[Round "6.3"]
[White "Augner, Bjoern"]
[Black "Boehnke, Martin"]
[Result "1-0"]
[WhiteElo "2018"]
[BlackElo "2136"]
[PlyCount "49"]
[EventDate "2024.??.??"]
[SourceVersionDate "2023.09.25"]

1. Nf3 Nf6 2. c4 c6 3. Nc3 d5 4. e3 e6 5. Qc2 Bd6 6. cxd5 exd5 7. b3 Bg4 8. Bb2 Nbd7 9. Ne2 Qc7 10. Ng3 g6 11. Be2 O-O-O 12. O-O h5 13. Rfc1 h4 14. Nf1 Rhg8 15. d4 g5 16. a3 Ne4 17. b4 Kb8 18. b5 c5 19. dxc5 Ndxc5 20. Nd4 Bxe2 21. Qxe2 Be5 22. f3 Nf6 23. Nc6+ bxc6 24. Rxc5 Bxb2 25. Qxb2 1-0

[Event "Sodingen - Paderborn"]
[Site "Herne"]
[Date "2024.02.25"]
[Round "6.4"]
[White "Becker, Joerg"]
[Black "Hoette, Moritz"]
[Result "1-0"]
[WhiteElo "2183"]
[BlackElo "2080"]
[PlyCount "79"]
[EventDate "2024.??.??"]
[SourceVersionDate "2023.09.25"]

1. d4 d5 2. Nf3 Nf6 3. Bf4 Bf5 4. e3 e6 5. Nbd2 Bd6 6. Bxd6 Qxd6 7. c4 O-O 8. Qb3 Qb6 9. Be2 Nbd7 10. O-O c6 11. Qxb6 axb6 12. Nh4 Bg6 13. f4 Rfe8 14. g4 Ne4 15. Ndf3 f6 16. Nxg6 hxg6 17. Bd3 f5 18. Bxe4 fxe4 19. Ng5 Nf6 20. cxd5 exd5 21. h3 Ra4 22. a3 b5 23. Rac1 b4 24. axb4 Rxb4 25. Rc2 Ra8 26. f5 gxf5 27. Rxf5 Rb3 28. Re2 Ra2 29. Rff2 Ra1+ 30. Kg2 Rd1 31. Ne6 b6 32. g5 Nd7 33. g6 Nf6 34. Rc2 Ra1 35. Rxc6 Ra8 36. Rc7 Nh5 37. Rcf7 Nf6 38. Rxg7+ Kh8 39. Rxf6 Rxe3 40. Rgf7 1-0

[Event "Sodingen - Paderborn "]
[Site "Herne"]
[Date "2024.02.25"]
[Round "6.5"]
[White "Sicker, Rolf"]
[Black "Banik, Thorsten"]
[Result "1/2-1/2"]
[WhiteElo "2046"]
[BlackElo "2115"]
[PlyCount "41"]
[EventDate "2024.??.??"]
[SourceVersionDate "2023.09.25"]

1. e4 d5 2. exd5 Qxd5 3. d4 c6 4. c4 Qa5+ 5. Nc3 Nf6 6. Qc2 Bf5 7. Bd3 Bxd3 8. Qxd3 e6 9. Nge2 Qc7 10. Bf4 Qd8 11. Rd1 Be7 12. O-O O-O 13. Qf3 Qc8 14. Rfe1 Nbd7 15. Ng3 Bb4 16. Nge4 Nxe4 17. Rxe4 Re8 18. Rde1 Nf6 19. R4e3 Qd8 20. Rd1 Qa5 21. a3 1/2-1/2

[Event "Sodingen - Paderborn"]
[Site "Herne"]
[Date "2024.02.25"]
[Round "6.6"]
[White "Berndt, Joachim"]
[Black "Stirnberg, Noah"]
[Result "1/2-1/2"]
[WhiteElo "2057"]
[BlackElo "1866"]
[PlyCount "90"]
[EventDate "2024.??.??"]
[SourceVersionDate "2023.09.25"]

1. e4 Nc6 2. Nf3 e5 3. Bb5 Nf6 4. d3 d6 5. c3 Bg4 6. h3 Bh5 7. Nbd2 Be7 8. g4 Bg6 9. Qa4 Qd7 10. g5 Nh5 11. d4 a6 12. d5 Qd8 13. Bxc6+ bxc6 14. Qxc6+ Kf8 15. Rg1 Nf4 16. Rg3 Nd3+ 17. Ke2 Nc5 18. b4 Nxe4 19. Nxe4 Bxe4 20. Qc4 Bf5 21. Be3 Qd7 22. h4 Qb5 23. Nd2 Bc2 24. Rc1 Bg6 25. f3 f5 26. gxf6 Bxf6 27. Bg5 Bf7 28. Qxb5 axb5 29. c4 Bxg5 30. Rxg5 bxc4 31. Rxc4 Ra7 32. f4 Bxd5 33. Rc3 Kf7 34. fxe5 h6 35. e6+ Bxe6 36. Ra5 Rb7 37. a3 Rc8 38. Ne4 Re8 39. Kf2 Bg4 40. Re3 Re6 41. Kg3 Bd1 42. Re1 Bc2 43. Rf1+ Ke7 44. Nc3 c6 45. Rf3 Rf6 1/2-1/2

[Event "Sodingen - Paderborn"]
[Site "Herne"]
[Date "2024.02.25"]
[Round "6.7"]
[White "Klueners, Juergen"]
[Black "Hille, Ralph Ingo"]
[Result "1/2-1/2"]
[WhiteElo "2065"]
[BlackElo "2075"]
[PlyCount "78"]
[EventDate "2024.??.??"]
[SourceVersionDate "2023.09.25"]

1. e4 g6 2. d4 Bg7 3. Nc3 d5 4. exd5 Nf6 5. Nf3 Nxd5 6. Nxd5 Qxd5 7. Be2 c5 8. Be3 Nc6 9. c4 Qd6 10. d5 Ne5 11. Qd2 O-O 12. O-O b6 13. Rac1 Bd7 14. Rfe1 Rad8 15. b4 Rc8 16. bxc5 bxc5 17. Rb1 Rb8 18. Qa5 Nxf3+ 19. Bxf3 Rxb1 20. Rxb1 Bd4 21. Bxd4 cxd4 22. Qxa7 Bf5 23. Rd1 d3 24. g4 Bd7 25. Rxd3 Rc8 26. Qd4 Qb4 27. a3 Qxc4 28. Qxc4 Rxc4 29. h3 Kg7 30. Kg2 Kf6 31. Re3 h6 32. Kg3 Rd4 33. h4 g5 34. hxg5+ hxg5 35. Be4 Bb5 36. f4 Bc4 37. fxg5+ Kxg5 38. Bg2 Rxg4+ 39. Kh3 Rh4+ 1/2-1/2

[Event "Sodingen  - Paderborn "]
[Site "Herne"]
[Date "2024.02.25"]
[Round "6.8"]
[White "Graw, Christopher"]
[Black "Pickhard, Tobias"]
[Result "1-0"]
[WhiteElo "2213"]
[BlackElo "1731"]
[PlyCount "43"]
[EventDate "2024.??.??"]
[SourceVersionDate "2023.09.25"]

1. e4 e6 2. b3 d5 3. Bb2 dxe4 4. Nc3 Nf6 5. g4 Bd7 6. Bg2 Bc6 7. Qe2 e3 8. fxe3 Bb4 9. O-O-O Qe7 10. g5 Nfd7 11. Nb5 Ba5 12. Nf3 a6 13. Nbd4 O-O 14. h4 f6 15. gxf6 Nxf6 16. Bh3 Bd7 17. Ne5 Ne4 18. Nxd7 Nxd7 19. Bxe6+ Kh8 20. Qg2 Ndf6 21. Nf5 Qxe6 22. Qxg7# 1-0

[Event "Hemer - Hamm"]
[Site "?"]
[Date "2024.02.25"]
[Round "6.1"]
[White "Frombach, Ralf"]
[Black "Runte, Moritz"]
[Result "0-1"]
[WhiteElo "2196"]
[BlackElo "2162"]
[PlyCount "50"]
[EventDate "2024.??.??"]
[SourceVersionDate "2023.09.25"]

1. d4 d5 2. c4 c6 3. Nc3 Nf6 4. e3 e6 5. Nf3 Nbd7 6. Be2 Bd6 7. O-O O-O 8. Qc2 dxc4 9. Bxc4 b5 10. Bd3 Bb7 11. h3 b4 12. Na4 c5 13. dxc5 Rc8 14. Ng5 Nxc5 15. Bxh7+ Kh8 16. Bg6 Nxa4 17. Qxa4 fxg6 18. Nxe6 Qe8 19. Qxa7 Qxe6 20. Qxb7 Rc2 21. Rd1 Ne4 22. f3 Rxf3 23. Rxd6 Rxg2+ 24. Kxg2 Qxh3+ 25. Kg1 Rf1# 0-1

[Event "Hemer- Hamm"]
[Site "?"]
[Date "2024.02.25"]
[Round "6.2"]
[White "Leonard, Timo"]
[Black "Dargel, Manuel"]
[Result "1-0"]
[WhiteElo "2170"]
[BlackElo "2162"]
[PlyCount "61"]
[EventDate "2024.??.??"]
[SourceVersionDate "2023.09.25"]

1. e4 c5 2. c3 Nf6 3. e5 Nd5 4. Nf3 e6 5. d4 cxd4 6. cxd4 Qc7 7. Bd2 b6 8. Nc3 Nxc3 9. Bxc3 Bb7 10. Bd3 Be7 11. O-O Bd5 12. Re1 Qb7 13. Nd2 Nc6 14. Ne4 b5 15. a3 a5 16. Qg4 g6 17. Qf4 Bxe4 18. Bxe4 b4 19. Bd2 Rc8 20. axb4 axb4 21. Qh6 Bf8 22. Qh3 Qb6 23. Bxc6 dxc6 24. Bg5 Bg7 25. Qh4 h6 26. Bf6 O-O 27. Be7 Rfe8 28. Bc5 Qb5 29. Ra7 Ra8 30. Rc7 Ra2 31. Qf4 1-0

[Event "Hemer- Hamm"]
[Site "?"]
[Date "2024.02.25"]
[Round "6.3"]
[White "Pruess, Wilfried"]
[Black "Xue, Luka"]
[Result "0-1"]
[WhiteElo "2096"]
[BlackElo "2167"]
[PlyCount "48"]
[EventDate "2024.??.??"]
[SourceVersionDate "2023.09.25"]

1. e4 e5 2. Nf3 Nc6 3. d4 exd4 4. Nxd4 Bc5 5. Be3 Qf6 6. c3 Nge7 7. Bc4 d6 8. O-O Ne5 9. Bb3 Qg6 10. f3 Bd7 11. Qe2 O-O-O 12. a4 f5 13. exf5 Nxf5 14. Bc2 Rhe8 15. Be4 Nc4 16. Bf2 d5 17. Nxf5 Bxf2+ 18. Rxf2 Bxf5 19. Bxf5+ Qxf5 20. Qd1 Ne3 21. Qd2 Nc2 22. Ra2 Re1+ 23. Rf1 Rxf1+ 24. Kxf1 Ne3+ 0-1

[Event "Hemer- Hamm"]
[Site "?"]
[Date "2024.02.25"]
[Round "6.4"]
[White "Jagodzinsky, Andreas"]
[Black "Gerard, Marcel"]
[Result "1/2-1/2"]
[WhiteElo "2162"]
[BlackElo "2080"]
[PlyCount "37"]
[EventDate "2024.??.??"]
[SourceVersionDate "2023.09.25"]

1. d4 Nf6 2. Nf3 e6 3. Bf4 c5 4. e3 b6 5. Bd3 Bb7 6. Nbd2 cxd4 7. exd4 Be7 8. h3 O-O 9. c3 d6 10. O-O Nbd7 11. a4 a6 12. Re1 Re8 13. Bh2 Bf8 14. Ne4 Nxe4 15. Bxe4 Bxe4 16. Rxe4 Nf6 17. Re1 b5 18. Qb3 Qd7 19. axb5 1/2-1/2

[Event "Hemer- Hamm"]
[Site "?"]
[Date "2024.02.25"]
[Round "6.5"]
[White "Schmidt, Ingo"]
[Black "Trinh, Fabian Dat"]
[Result "0-1"]
[WhiteElo "2041"]
[BlackElo "1887"]
[PlyCount "102"]
[EventDate "2024.??.??"]
[SourceVersionDate "2023.09.25"]

1. e4 e5 2. Nf3 Nc6 3. Bc4 Bc5 4. c3 Nf6 5. d4 exd4 6. cxd4 Bb4+ 7. Nc3 Nxe4 8. O-O Bxc3 9. d5 Bf6 10. Re1 Ne7 11. Rxe4 d6 12. Rf4 Ng6 13. Re4+ Ne7 14. Rf4 Ng6 15. Re4+ Ne7 16. Bg5 Bxg5 17. Nxg5 h6 18. Bb5+ Bd7 19. Qe2 hxg5 20. Re1 O-O 21. Rxe7 Be6 22. Qh5 Qxe7 23. Bd3 g6 24. Qh6 Qf6 25. dxe6 fxe6 26. Rf1 Rae8 27. Bxg6 Re7 28. Qh5 Rg7 29. Bc2 Qxb2 30. Qe2 Qe5 31. Qd3 Qf4 32. Qe2 Qe5 33. Qd2 d5 34. g3 c5 35. Re1 Qf6 36. Re3 c4 37. Qe2 Re7 38. Re5 b5 39. Qe3 g4 40. Bf5 exf5 41. Rxe7 d4 42. Qe1 d3 43. Rd7 a6 44. a3 Rc8 45. h3 gxh3 46. f3 Qc6 47. Rd4 Re8 48. Qc1 Qf6 49. Qf4 c3 50. Rxd3 c2 51. g4 Qa1+ 0-1

[Event "Hemer- Hamm"]
[Site "?"]
[Date "2024.02.25"]
[Round "6.6"]
[White "Hofmann, Benjamin"]
[Black "Paduch, Alexander"]
[Result "1/2-1/2"]
[WhiteElo "1800"]
[BlackElo "1987"]
[PlyCount "81"]
[EventDate "2024.??.??"]
[SourceVersionDate "2023.09.25"]

1. d4 Nf6 2. c4 e5 3. e3 exd4 4. exd4 d5 5. Nf3 Bb4+ 6. Nbd2 c6 7. a3 Ba5 8. b4 Bc7 9. c5 O-O 10. Be2 Re8 11. O-O Bg4 12. Bb2 a6 13. a4 Nbd7 14. Re1 Ne4 15. Nxe4 dxe4 16. Nd2 Bxe2 17. Qxe2 Nf6 18. Nf1 Nd5 19. Qc4 Qg5 20. Ra3 Re6 21. Bc1 Qg6 22. b5 axb5 23. axb5 Rxa3 24. Bxa3 f5 25. bxc6 bxc6 26. Ne3 Nf4 27. Qa6 Re8 28. Qb7 Nd3 29. Rd1 Bf4 30. d5 Qh6 31. Qd7 Qxh2+ 32. Kf1 Qh1+ 33. Ke2 Qh5+ 34. g4 fxg4 35. Rh1 Qg6 36. dxc6 Bxe3 37. c7 Qf7 38. Qxf7+ Kxf7 39. Kxe3 Rc8 40. Rxh7 Kg6 41. Rh2 1/2-1/2

[Event "Hemer- Hamm"]
[Site "?"]
[Date "2024.02.25"]
[Round "6.7"]
[White "Klaus, Michael"]
[Black "Stahlschmidt, Timo"]
[Result "1-0"]
[WhiteElo "1931"]
[BlackElo "1818"]
[PlyCount "45"]
[EventDate "2024.??.??"]
[SourceVersionDate "2023.09.25"]

1. c4 e6 2. Nc3 d5 3. d4 c5 4. cxd5 exd5 5. Nf3 Nf6 6. g3 Nc6 7. Bg2 Be7 8. O-O O-O 9. Bf4 Re8 10. dxc5 Bxc5 11. Nb5 Nh5 12. Bg5 Qb6 13. Nc3 Qxb2 14. Nxd5 Rxe2 15. Be3 Bf8 16. Qd3 g6 17. Nc3 Rc2 18. Na4 Nb4 19. Nxb2 Nxd3 20. Nxd3 Bf5 21. Rfd1 Rd8 22. Nd4 Bxd3 23. Nxc2 1-0

[Event "Hemer- Hamm"]
[Site "?"]
[Date "2024.02.25"]
[Round "6.8"]
[White "Poggemann, Alexander"]
[Black "Sporkert, Corina"]
[Result "0-1"]
[WhiteElo "1757"]
[BlackElo "1792"]
[PlyCount "88"]
[EventDate "2024.??.??"]
[SourceVersionDate "2023.09.25"]

1. e4 e5 2. Nf3 Nc6 3. Bc4 Bc5 4. c3 Nf6 5. d4 exd4 6. e5 d5 7. Be2 Ne4 8. cxd4 Bb4+ 9. Nbd2 O-O 10. O-O Nxd2 11. Bxd2 Bxd2 12. Qxd2 Ne7 13. Rac1 c6 14. Rc3 Ng6 15. Bd3 h6 16. Ne1 f5 17. f4 Be6 18. Bb1 Ne7 19. Rff3 Rc8 20. Rh3 Rf7 21. Ra3 Ra8 22. Qb4 Ng6 23. Nd3 b6 24. Rg3 Kh7 25. Rc3 Rc8 26. Qa4 Rfc7 27. b4 Qh4 28. Qd1 Nf8 29. Rh3 Qe7 30. Qh5 Qf7 31. Qh4 Nd7 32. Ne1 Kg8 33. Nf3 Kf8 34. Qf2 c5 35. bxc5 bxc5 36. dxc5 Rxc5 37. Rxc5 Nxc5 38. Qd2 Ne4 39. Qb2 Qc7 40. Bxe4 fxe4 41. Qa3+ Qc5+ 42. Nd4 Bxh3 43. Qxc5+ Rxc5 44. gxh3 Ra5 0-1

[Event "Kirchlengern - Kamen"]
[Site "?"]
[Date "2024.02.25"]
[Round "6.1"]
[White "Luetke, Jens"]
[Black "Gulatz, Maurice"]
[Result "0-1"]
[WhiteElo "2162"]
[BlackElo "2173"]
[PlyCount "64"]
[EventDate "2024.??.??"]
[SourceVersionDate "2023.09.25"]

1. Nf3 d5 2. e3 c5 3. b3 Nf6 4. Bb2 g6 5. Bb5+ Nbd7 6. Ne5 Bg7 7. a4 O-O 8. Nxd7 Bxd7 9. Bxd7 Qxd7 10. d3 Rfe8 11. Nd2 e5 12. e4 Rad8 13. O-O c4 14. exd5 cxd3 15. c4 e4 16. Re1 Qf5 17. h3 h5 18. Ra2 h4 19. Nf1 Bf8 20. Ne3 Qg5 21. Ba3 Bxa3 22. Rxa3 Nh5 23. Qg4 Qf6 24. Ra2 Re5 25. Kh1 Kg7 26. a5 Nf4 27. Rf1 Rg5 28. Qd1 Qd6 29. Qa1+ f6 30. Qd4 Qd7 31. f3 Ne2 32. Rxe2 dxe2 0-1

[Event "Kirchlengern- Kamen"]
[Site "?"]
[Date "2024.02.25"]
[Round "6.2"]
[White "Ott, Mathias"]
[Black "Weidemann, Christian"]
[Result "0-1"]
[WhiteElo "2013"]
[BlackElo "2206"]
[PlyCount "110"]
[EventDate "2024.??.??"]
[SourceVersionDate "2023.09.25"]

1. d4 Nf6 2. c4 g6 3. Nc3 d5 4. Nf3 Bg7 5. Qb3 dxc4 6. Qxc4 O-O 7. e4 Bg4 8. Be3 Nfd7 9. Rd1 Nc6 10. Qb3 Nb6 11. d5 Ne5 12. Be2 Bxf3 13. gxf3 Qc8 14. h3 c5 15. f4 c4 16. Qb4 Nd3+ 17. Bxd3 cxd3 18. Rxd3 Qc4 19. Qxc4 Nxc4 20. Bc1 Rac8 21. f3 b5 22. b3 Bxc3+ 23. Rxc3 Ne5 24. Kd2 Rxc3 25. Kxc3 Rc8+ 26. Kd4 Nxf3+ 27. Kd3 g5 28. Bb2 gxf4 29. Rf1 Nh4 30. Rxf4 Ng6 31. Rg4 f6 32. h4 Kf7 33. h5 Nf8 34. Rg1 Nd7 35. h6 Rg8 36. Rxg8 Kxg8 37. a4 bxa4 38. bxa4 Nc5+ 39. Kd4 Nxa4 40. Ba3 Kf7 41. e5 fxe5+ 42. Kxe5 Nb6 43. Bb4 a5 44. Bc3 a4 45. Bd4 Nd7+ 46. Kf5 a3 47. Ke4 Kg6 48. Kd3 Kxh6 49. Kc2 Kg5 50. Bf2 h5 51. Bg3 h4 52. Bh2 h3 53. Kb3 Nf6 54. d6 exd6 55. Bxd6 Ne4 0-1

[Event "Kirchlengern- Kamen"]
[Site "?"]
[Date "2024.02.25"]
[Round "6.3"]
[White "Himmel, Hansjoerg"]
[Black "Dilger, Tim"]
[Result "1-0"]
[WhiteElo "2216"]
[BlackElo "1863"]
[PlyCount "47"]
[EventDate "2024.??.??"]
[SourceVersionDate "2023.09.25"]

1. e4 e5 2. Nf3 Nc6 3. Bb5 a6 4. Bxc6 dxc6 5. O-O f6 6. d4 exd4 7. Nxd4 Bd6 8. Nc3 Ne7 9. Qh5+ g6 10. Qh6 c5 11. Nde2 Be6 12. Bf4 Qd7 13. Bxd6 cxd6 14. Rad1 O-O-O 15. b3 Rhf8 16. Qe3 g5 17. f4 Bg4 18. fxg5 fxg5 19. Rxf8 Rxf8 20. Qxg5 Nc6 21. Rf1 Re8 22. Nd5 Qe6 23. Nef4 Qg8 24. Qh6 1-0

[Event "Kirchlengern- Kamen"]
[Site "?"]
[Date "2024.02.25"]
[Round "6.4"]
[White "Knollmann, Benjamin"]
[Black "Seepe, Udo"]
[Result "1/2-1/2"]
[WhiteElo "1877"]
[BlackElo "2114"]
[PlyCount "28"]
[EventDate "2024.??.??"]
[SourceVersionDate "2023.09.25"]

1. d4 d5 2. c4 c6 3. Nf3 Nf6 4. Nc3 a6 5. cxd5 cxd5 6. Bf4 Nc6 7. e3 Bf5 8. Bd3 Bxd3 9. Qxd3 e6 10. O-O Be7 11. Rac1 O-O 12. Rfd1 Rc8 13. Nd2 Nh5 14. Ne2 Nxf4 1/2-1/2

[Event "Kirchlengern- Kamen"]
[Site "?"]
[Date "2024.02.25"]
[Round "6.5"]
[White "Georg, Felix"]
[Black "Ott, Helmut"]
[Result "1-0"]
[WhiteElo "2033"]
[BlackElo "1926"]
[PlyCount "87"]
[EventDate "2024.??.??"]
[SourceVersionDate "2023.09.25"]

1. e4 d6 2. d4 Nf6 3. Nc3 g6 4. Be2 Bg7 5. g4 h5 6. g5 Nfd7 7. Be3 c5 8. Qd2 Nc6 9. Nf3 O-O 10. O-O-O b6 11. Bb5 Bb7 12. Bxc6 Bxc6 13. d5 Bb7 14. Nh4 Ne5 15. Qe2 a5 16. Nb5 Ba6 17. f4 Qd7 18. a4 Bxb5 19. axb5 Qh3 20. Bf2 Ng4 21. Rd3 Nxf2 22. Rxh3 Nxh3 23. Qf3 Nxf4 24. Qxf4 a4 25. Qg3 Ra5 26. c4 a3 27. bxa3 Rfa8 28. Rd1 Rxa3 29. Rd3 Ra1+ 30. Kd2 R8a2+ 31. Ke3 Be5 32. Qh3 Rxh2 33. Qc8+ Kg7 34. Nf3 Rg2 35. Nxe5 dxe5 36. Qh3 Raa2 37. Qh4 Rh2 38. Qg3 f6 39. d6 h4 40. gxf6+ exf6 41. Qxh2 Rxh2 42. d7 f5 43. exf5 gxf5 44. d8=Q 1-0

[Event "Meschede - Herford"]
[Site "?"]
[Date "2024.02.25"]
[Round "6.1"]
[White "Loemker, Michael"]
[Black "Rittmeier, Bernhard"]
[Result "1-0"]
[WhiteElo "2109"]
[BlackElo "2232"]
[PlyCount "91"]
[EventDate "2024.??.??"]
[SourceVersionDate "2023.09.25"]

1. d4 Nf6 2. Nf3 d5 3. c4 e6 4. Nc3 Be7 5. e3 O-O 6. Bd3 c5 7. cxd5 exd5 8. O-O Nc6 9. h3 a6 10. b3 cxd4 11. exd4 Be6 12. Bb2 Qa5 13. a3 b5 14. Ne2 Rfe8 15. Nf4 Bd6 16. Nxe6 fxe6 17. Re1 Rac8 18. Ng5 e5 19. Bf5 Nxd4 20. Bxc8 Rxc8 21. Bxd4 exd4 22. Qxd4 h6 23. Ne4 dxe4 24. Qxd6 Rc2 25. b4 Qa4 26. Re3 a5 27. Qd8+ Kh7 28. Qxa5 Qxa5 29. bxa5 Rc4 30. Rb3 Ra4 31. Rxb5 Ne8 32. Rb4 Rxa5 33. Rxe4 Nd6 34. Rb4 Kg8 35. a4 Kf7 36. Re1 Ra7 37. Rf4+ Kg8 38. Re5 Nf7 39. Rd5 Ng5 40. a5 Ne6 41. Ra4 Kf7 42. a6 Kf6 43. Rb5 Nd8 44. Rb8 Ne6 45. Rb7 Ra8 46. a7 1-0

[Event "Meschede - Herford"]
[Site "?"]
[Date "2024.02.25"]
[Round "6.2"]
[White "Voss, Georg"]
[Black "Quelle, Helmut"]
[Result "0-1"]
[WhiteElo "1863"]
[BlackElo "2049"]
[PlyCount "240"]
[EventDate "2024.??.??"]
[SourceVersionDate "2023.09.25"]

1. Nf3 Nf6 2. c4 g6 3. g3 Bg7 4. Bg2 O-O 5. O-O c6 6. Na3 d5 7. cxd5 cxd5 8. h3 Nc6 9. d4 Qb6 10. Nc2 Bf5 11. Ne3 Be4 12. a4 e6 13. a5 Nxa5 14. Nd2 Bxg2 15. Nxg2 Rfc8 16. Qa4 Nc6 17. e3 Qb4 18. Qa2 e5 19. dxe5 Nxe5 20. Nf4 d4 21. exd4 Qxd4 22. Qb1 Rxc1 23. Qxc1 Qxd2 24. Qc7 Nf3+ 25. Kg2 Nd5 26. Qxb7 Nxf4+ 27. gxf4 Nh4+ 28. Kh1 Qd8 29. Rfd1 Qc8 30. Qxc8+ Rxc8 31. Ra2 Nf5 32. b4 Bd4 33. Rad2 Rc4 34. Rb1 Bb6 35. Kg2 Rxf4 36. Rb3 Nh4+ 37. Kf1 Nf3 38. Rdb2 Ng5 39. Kg2 Ne4 40. f3 Ng5 41. Rb1 h5 42. Re1 Ne6 43. Re4 Rxe4 44. fxe4 Ng5 45. e5 Kf8 46. Kg3 Ke7 47. Kf4 Ne6+ 48. Ke4 Nd4 49. Rb1 Ke6 50. Rf1 Nc2 51. Rb1 f5+ 52. exf6 Kxf6 53. Rb2 Ne3 54. Rd2 Kg5 55. Rd6 Kh4 56. Rxg6 Nc2 57. b5 Na3 58. Kf3 Nxb5 59. Kg2 Nd4 60. Rf6 Kg5 61. Rf8 Nf5 62. Kf3 Nh4+ 63. Ke4 Ng6 64. Rg8 Kf6 65. Re8 Bf2 66. Rd8 Bb6 67. Rd5 h4 68. Rd6+ Kf7 69. Kf5 Ne7+ 70. Kg4 Bc5 71. Ra6 Ng6 72. Kh5 Bb6 73. Ra1 Nf4+ 74. Kxh4 Nd5 75. Kg5 a5 76. h4 Nc3 77. Ra3 Ne4+ 78. Kg4 Kg6 79. Ra1 Nf6+ 80. Kh3 Kf5 81. Rb1 Nd5 82. Rf1+ Ke4 83. h5 a4 84. Ra1 Nc3 85. Kg4 Be3 86. Ra3 Kd3 87. Kf5 Bc1 88. Rxa4 Nxa4 89. Kg6 Nc5 90. h6 Nd7 91. h7 Bb2 92. Kf7 Ne5+ 93. Kg7 Ng4+ 94. Kg8 Nh6+ 95. Kf8 Ke4 96. Ke7 Kf5 97. Kd6 Nf7+ 98. Kd5 Ng5 99. h8=Q Bxh8 100. Kc6 Ke6 101. Kb7 Kd6 102. Ka8 Kc6 103. Kb8 Be5+ 104. Ka8 Ne6 105. Ka7 Nc7 106. Kb8 Bd4 107. Kc8 Ba7 108. Kd8 Nd5 109. Kc8 Ne7+ 110. Kd8 Kd6 111. Ke8 Ke6 112. Kd8 Bb6+ 113. Ke8 Nf5 114. Kf8 Bc7 115. Kg8 Kf6 116. Kf8 Ng7 117. Kg8 Kg6 118. Kh8 Nf5 119. Kg8 Bd6 120. Kh8 Be7 0-1

[Event "Meschede- Herford"]
[Site "?"]
[Date "2024.02.25"]
[Round "6.3"]
[White "Schalt, Guideon"]
[Black "Becker, Robin"]
[Result "1-0"]
[WhiteElo "1758"]
[BlackElo "1910"]
[PlyCount "73"]
[EventDate "2024.??.??"]
[SourceVersionDate "2023.09.25"]

1. d4 Nf6 2. Nf3 e6 3. c4 d5 4. Nc3 c6 5. Bg5 Nbd7 6. e3 h6 7. Bf4 Nh5 8. Be5 Nxe5 9. Nxe5 Nf6 10. Bd3 dxc4 11. Bxc4 Bd6 12. f4 Nd5 13. Qd2 Nxc3 14. bxc3 Bxe5 15. fxe5 c5 16. O-O O-O 17. Rf4 Bd7 18. Raf1 b5 19. Bd3 Qg5 20. h4 Qe7 21. Bb1 f5 22. exf6 Rxf6 23. Qd3 Rf5 24. Qe4 Re8 25. g4 g5 26. gxf5 gxf4 27. f6 Qf7 28. Qxf4 e5 29. dxe5 Bc6 30. Kh2 Qh5 31. f7+ Kf8 32. fxe8=R+ Kxe8 33. Qf8+ Kd7 34. Qf7+ Qxf7 35. Rxf7+ Ke6 36. Rf6+ Kd5 37. e4+ 1-0